Menguasai perisian persembahan elektronik : Microsoft powerpoint XP

Bibliographic Details
Main Author: Jamalludin Harun
Other Authors: Zaidatun Tasir
Format: Book
Published: Kuala Lumpur : Venton Publishing , c2001
Subjects:

MARC

LEADER 00000cam a2200000 7i4500
001 0000016982
005 20060829.0
020 |a 9832031494 
040 |a INS 
090 0 0 |a T385   |b JAM 2001 
100 1 |a Jamalludin Harun 
245 1 0 |a Menguasai perisian persembahan elektronik :   |b Microsoft powerpoint XP   |c Jamalludin Harun dan Zaidatun Tasir 
260 |a Kuala Lumpur :   |b Venton Publishing ,   |c c2001 
300 |a vi, 367p. :   |b ill. ;   |c 26cm. 
650 0 0 |a Computer graphics 
650 0 0 |a Microsoft Power Point 
650 0 0 |a Multimedia 
700 0 |a Zaidatun Tasir 
999 |a 0000016930   |b BOOK   |c Open Shelf   |e Default branch